000 00423nam a2200169Ia 4500
005 20250423101632.0
008 250422s9999 xx 000 0 und d
020 _a1854311913
050 _aK 80 .C4/
100 _aClinch, P.
245 0 _aUsing a law library: a students’s guide to legal research skills
260 _aLondon
260 _bBlackstone Press Ltd.
260 _c1992
300 _a252 p
942 _cBK
999 _c36827
_d36827